Bariery płynności finansowej przedsiębiorstw handlowych - ujęcie modelowe / (Rekord nr 9198)
| 000 -ETYKIETA REKORDU | |
|---|---|
| podpole kontrolne o stałej długości | 00945naa a2200157 i 4500 |
| 001 - NUMER KONTROLNY REKORDU | |
| podpole kontrolne | 9198 |
| 003 - IDENTYFIKATOR NUMERU KONTROLNEGO REKORDU | |
| podpole kontrolne | KOSZ 005 |
| 005 - DATA OSTATNIEJ MODYFIKACJI REKORDU | |
| podpole kontrolne | 20180320125537.0 |
| 008 - POLE O STAŁEJ DŁUGOŚCI - DANE KONTROLNE | |
| podpole kontrolne o stałej długości | 180320s2012 pl ||||| |||| 00| 0 pol d |
| 040 ## - ŹRÓDŁO KATALOGOWANIA | |
| Instytucja, która sporządziła opis | KOSZ 005/HR |
| Instytucja, która utworzyła rekord | KOSZ 005/HR |
| 100 ## - NAZWA OSOBOWA | |
| Nazwa osobowa | ZAWADZKA, Danuta. |
| Instytucja | Politechnika Koszalińska - Instytut Ekonomii i Zarządzania, |
| Wydział | Zakład Finansów |
| Lata pracy | 2007-2011. |
| 245 ## - TYTUŁ/ODPOWIEDZIALNOŚĆ | |
| Tytuł | Bariery płynności finansowej przedsiębiorstw handlowych - ujęcie modelowe / |
| Pozostałe elementy strefy tytułu i oznaczenia odpowiedzialności | Danuta Zawadzka, Roman Ardan. |
| 490 1# - STREFA SERII I DOKUMENTU WIELOCZĘŚCIOWEGO - FORMA NIE DO WYSZUKIWANIA | |
| Tytuł i oznaczenie odpowiedzialności serii | Ekonomiczne Problemy Usług ; |
| Numeracja w obrębie serii | nr 81 |
| 773 0# - TYTUŁ DOKUMENTU MACIERZYSTEGO | |
| Wyrażenie wprowadzające | W : |
| Tytuł | Finanse i rachunkowość w zarządzaniu współczesnym przedsiębiorstwem : teoria i praktyka / red. nauk. Andrzej Jackiewicz. - |
| Adres wydawniczy | Brodnica ; Łódź : Wydaw. Wyższej Szkoły Przedsiębiorczości i Zarządzania, 2011. - |
| Informacje dotyczące relacji | s. 291-301. |
| Strefa serii | Przedsiębiorczość i Zarządzanie - Społeczna Wyższa Szkoła Przedsiębiorczości i Zarządzania w Łodzi ; t. 12 z.13. |
| ISSN | 1733-2486 |
| 942 ## - HASŁO DODATKOWE - ELEMENTY(KOHA) | |
| Schemat klasyfikacji | Uniwersalna klasyfikacja dziesiętna |
| Typ dokumentu | Rozdział |
Brak dostępnych egzemplarzy.
